000
00258nam a22001097a 4500
008
140217t xxu||||| |||| 00| 0 eng d
020
_a
978-0-8153-4243-4
100
_a
Kenneth Murphy
_9
727
245
_a
Janeway's Immunobiology
300
_a
868
942
_2
ddc
_c
BK
999
_c
16985
_d
16985